Представление документа в формате RUSMARC

ПолеНазваниеЗначение
  Тип записи a
  Библиографический уровень m
001 Контрольный номер RU/CBS_UL/BASE/669310500
005 Дата корректировки 20240209175000.7
010 Индекс ISBN __
a ISBN
b Уточнения в пер.
d Цена 113 р. 00 к.
9 Тираж экз.
100 Данные общей обработки __
a Данные общей обработки 20130816d2013 ||| 0rusy0189 ca
101 Язык документа 0_
a Язык текста rus
102 Страна публикации __
a Страна публикации RU
105 Кодированные данные (монография) __
a Кодированные данные (монография) y###||||000|y
181 Поле кодированных данных: вид содержания _1
a Код вида содержания (ISBD) i#
b Код характеристики содержания (ISBD) #xxe##
d i
g x
h x
i e
182 Поле кодированных данных: тип средства _1
a Код типа средства (ISBD) n
2 Код системы (источник кода, отличный от ISBD) isbdmedia
200 Заглавие и сведения об ответственности 1_
a Заглавие Бригадир
a Заглавие Недоросль
b Общее обозначение материала Текст
f Первые сведения об ответственности Д. И. Фонвизин
w Текст (визуальный) : непосредственный
203 Вид содержания и тип средства __
a Вид содержания Текст
b Характеристика содержания визуальный
c Тип средства непосредственный
210 Выходные данные 1_
a Место издания Москва
c Издательство ЭКСМО
d Дата издания 2005
215 Физическое описание __
a Объем 607 с.
c Иллюстрации/тип воспроизводства ил.
d Формат см.
225 Серия 0_
a Серия Русская классика
300 Общие примечания __
a Общие примечания Содерж.: Бригадир ; Недоросль / Д. И. Фонвизин. Горе от ума / А. С. Грибоедов. Маскарад / М. Ю. Лермонтов. Ревизор ; Женитьба / Н. В. Гоголь
300 Общие примечания __
a Общие примечания Под инв. номером 109816: 3-1
333 Примечание о целевом назначении __
a Примечание о целевом назначении 12+
606 Тематические рубрики 0_
a Основная рубрика Русская литература, 18-19 вв. - Пьесы
610 Ключевые слова 0_
a Ключевые слова классика русская
a Ключевые слова пьесы
a Ключевые слова драматургия
a Ключевые слова произвол чиновничий
a Ключевые слова взяточничество
a Ключевые слова лицемерие
a Ключевые слова пороки общества
686 Индексы других классификаций __
a Классификационный индекс 84(2Рос=Рус)1
2 Код системы ББК
700 Автор _0
a Фамилия Фонвизин
b Имя (инициалы) Денис Иванович
g Полное личное имя Д. И.
801 Источник записи _0
a Страна RU
b Организация МБУК ЦБС г. Ульяновска
c Дата составления 20130816
g Правила каталогизации RCR
801 Источник записи _1
a Страна RU
b Организация МБУК ЦБС г. Ульяновска
c Дата составления 20130816
g Правила каталогизации RCR
899 Данные о местонахождении __
i Авторский знак Ф 77
j Расстановочный фильтр Р1
901 Тип документа __
t Тип документа m
910 Корректоры записи __
a Корректор записи Хисамова